<?xml version="1.0" encoding="UTF-8"?>
<record
    xmlns:xsi="http://www.w3.org/2001/XMLSchema-instance"
    xsi:schemaLocation="http://www.loc.gov/MARC21/slim http://www.loc.gov/standards/marcxml/schema/MARC21slim.xsd"
    xmlns="http://www.loc.gov/MARC21/slim">

  <leader>00356nam a2200145Ia 4500</leader>
  <controlfield tag="008">231004s9999    xx            000 0 und d</controlfield>
  <datafield tag="020" ind1=" " ind2=" ">
    <subfield code="a">9780736058728</subfield>
  </datafield>
  <datafield tag="041" ind1=" " ind2=" ">
    <subfield code="a">eng</subfield>
  </datafield>
  <datafield tag="082" ind1=" " ind2=" ">
    <subfield code="a">306.483</subfield>
    <subfield code="b">WOO</subfield>
  </datafield>
  <datafield tag="100" ind1=" " ind2=" ">
    <subfield code="a">WOOD,RONALD B</subfield>
  </datafield>
  <datafield tag="245" ind1=" " ind2=" ">
    <subfield code="a">SOCIAL ISSUES IN SPORT</subfield>
  </datafield>
  <datafield tag="260" ind1=" " ind2=" ">
    <subfield code="a">U.S</subfield>
    <subfield code="b">HUMAN KINESTICS</subfield>
    <subfield code="c">2007</subfield>
  </datafield>
  <datafield tag="300" ind1=" " ind2=" ">
    <subfield code="a">368</subfield>
  </datafield>
  <datafield tag="650" ind1=" " ind2=" ">
    <subfield code="a">SOCIOLOGY IN P. E.</subfield>
  </datafield>
  <datafield tag="999" ind1=" " ind2=" ">
    <subfield code="c">877245</subfield>
    <subfield code="d">877245</subfield>
  </datafield>
  <datafield tag="952" ind1=" " ind2=" ">
    <subfield code="0">0</subfield>
    <subfield code="1">0</subfield>
    <subfield code="2">ddc</subfield>
    <subfield code="4">0</subfield>
    <subfield code="7">0</subfield>
    <subfield code="a">PEP</subfield>
    <subfield code="b">PEP</subfield>
    <subfield code="c">R19/2</subfield>
    <subfield code="d">2022-03-01</subfield>
    <subfield code="g">3695.00</subfield>
    <subfield code="l">0</subfield>
    <subfield code="o">306.483/WOO</subfield>
    <subfield code="p">PEP-BPED-5248</subfield>
    <subfield code="r">2023-10-06 00:00:00</subfield>
    <subfield code="w">2023-10-06</subfield>
    <subfield code="y">BK</subfield>
  </datafield>
</record>
